000 01108nam a2200289 i 4500
003 DO-SdBNP
005 20240304185510.0
006 a||||gr|||| 00| 0
007 ta
008 230927e2002 dr ||||| |||| 00| 0 spa d
020 _a9993402494
040 _aDO-SdBNP
_bspa
_cBNPHU
_erda
082 4 _222
_bS583e
100 1 _a Silié Gatón, José A.,
_d1920-2014
_eautor
_9747
245 1 0 _aEducación del carácter. /
_cJosé A. Silié Gatón, prólogo, Francisco Mauro Castillo C.
264 1 _aSanto Domingo :
_bSubdirección de Impresos y Publicaciones del Banco Central de la República Dominicana,
_c2002
300 _a262 páginas ;
_c23 cm.
336 _2rdacontent
_atexto
_btxt
337 _2rdamedia
_asin mediación
_bnc
338 _2rdacarrier
_avolumen
_bnc
500 _aIncluye datos biográficos del autor en las solapas de las cubiertas.
500 _aIncluye bibliografía y notas al pie de páginas.
504 _aBibliografía: páginas 253 - 258
590 _aInventariado 2023 / MF
700 1 _aCastillo Corporán, Francisco Mauro
_d1934-
_970283
_eprólogo
942 _2ddc
_cLBS1
999 _c54970
_d54970